| 000 | 01140nac a22002651u 4500 | ||
|---|---|---|---|
| 010 | _a 2006022625 | ||
| 020 | _a0419258205 (hardback : alk. paper) | ||
| 020 | _a0419258302 (pbk. : alk. paper) | ||
| 082 | 0 | 0 |
_a624.18341 _bREY |
| 090 |
_c8395 _d8395 |
||
| 100 | _aReynolds, Charles E. | ||
| 245 | 1 | 0 |
_aReynolds's reinforced concrete designers handbook / _cCharles E. Reynolds, James C. Steedman, and Anthony J. Threlfall. |
| 250 | _a11th ed. | ||
| 260 |
_aNew York, NY : _bTaylor & Francis,2007 _c2007. |
||
| 300 |
_a401p.: _bill.; _c29 cm. |
||
| 500 | _aRev. ed. of: Reinforced concrete designer's handbook / Charles E. Reynolds and James C. Steedman. 1988. | ||
| 504 | _aIncludes bibliographical references and index. | ||
| 511 | _acatalogued by: wessam | ||
| 650 | 0 |
_aReinforced concrete construction _xHandbooks, manuals, etc. |
|
| 700 | 1 |
_aSteedman, James C. _q(James Cyril) |
|
| 700 | 1 | _aThrelfall, A. J. | |
| 700 | 1 |
_aReynolds, Charles E. _q(Charles Edward). |
|
| 856 | 4 | 1 |
_3Table of contents only _uhttp://www.loc.gov/catdir/toc/ecip0617/2006022625.html |
| 942 |
_cBB _k624.18341REY |
||
| 999 |
_c8395 _d8395 |
||